000 00204 a2200085 4500
020 _a11 9780262701150
100 _aJOHN THACKARA
245 _aIN THE BUBBLE: DESIGNING IN A COMPLEX WORLD
260 _bMIT PRESS
999 _c13085
_d13085